000 00855nam a2200229Ii 4500
003 JO-AjNU
008 230605s9999||||xx |||||||||||||| ||und||
017 _a2008/2/346
020 _a978-9957-70-066-9
040 _aJO-AjNU
_bara
_erda
_cJO-AjNU
041 _aara
050 1 4 _aPJ6696.N3738 2010
100 3 _aتأليف نصرالله، هاني توفيق أسعد,
_eauthor
_943319
245 0 0 _aشواهد القرآن النحوية، مج1
250 _aط1
264 3 1 _aإربد: عالم الكتب الحديث، 2010 ؛ إربد: جدارا للكتاب العالمي، 2010
300 _aمج1، 781ص
336 _atext
_btxt
_2rdacontent
337 _aunmediated
_bn
_2rdamedia
338 _avolume
_bnc
_2rdacarrier
650 4 _aالقرآن الكريم - اللغة العربيه - قواعد - إعراب - ألفاظ
_943320
999 _aA18615
_c22183
_d22183